|
|
|
|
| LEADER |
00936nab a2200229 i 4500 |
| 001 |
misc67351 |
| 005 |
20221021141440.0 |
| 008 |
220131s1950 hu o 0|| tur d |
| 040 |
|
|
|a SZTE Miscellanea Repozitórium
|b hun
|
| 041 |
|
|
|a tur
|
| 100 |
1 |
|
|a Eren Hasan
|
| 245 |
1 |
0 |
|a Martti Räsänen, Materialien zur Lautgeschichte der türkischen Sprachen. Studia orientalia, 15. Helsinki, 249 s.
|h [elektronikus dokumentum] :
|b eleştirim /
|c Eren Hasan
|
| 260 |
|
|
|a Türk Tarih Kurumu Basımevi
|b Ankara
|c 1950
|
| 300 |
|
|
|a 240-249
|c 29 cm
|
| 490 |
0 |
|
|a Ankara Üniversitesi Dil ve Tarih-Coğrafya Fakültesi Dergisi
|
| 561 |
|
|
|a Németh Gyula hagyaték
|
| 591 |
|
|
|a XKEK 2859
|
| 650 |
|
4 |
|a Bölcsészettudományok
|
| 650 |
|
4 |
|a Nyelvek és irodalom
|
| 695 |
|
|
|a Török nyelv - hangtan, Hangtörténet - török nyelv
|
| 700 |
0 |
1 |
|a Räsänen Martti
|
| 856 |
4 |
0 |
|u http://misc.bibl.u-szeged.hu/67351/1/1512_noa_e86.pdf
|z Dokumentum-elérés
|